Quality management : (Record no. 39040)

MARC details
000 -LEADER
fixed length control field 03103nam a22004097a 4500
005 - DATE AND TIME OF LATEST TRANSACTION
control field 20100803155040.0
010 ## - LCCN (DPL NO)
LC control number ENG-97887 B-431079-089
020 ## - INTERNATIONAL STANDARD BOOK NUMBER
International Standard Book Number 9788120339996
Terms of availability 425.00
035 ## - SYSTEM CONTROL NUMBER
System control number EN-81420 B-431079-089
037 ## - SOURCE OF ACQUISITION
Source of stock number/acquisition DBAD/PUB
037 ## - SOURCE OF ACQUISITION
Source of stock number/acquisition Allied Pub/Ven
082 ## - DEWEY DECIMAL CLASSIFICATION NUMBER
Classification number 658.4013
100 ## - MAIN ENTRY--PERSONAL NAME
Personal name Summers,Donna C S
245 ## - TITLE STATEMENT
Title Quality management :
Remainder of title Creating and sustaining organizational effectiveness /
Statement of responsibility, etc by Donna C S Summers
250 ## - EDITION STATEMENT
Edition statement 2nd edition
260 ## - PUBLICATION, DISTRIBUTION, ETC. (IMPRINT)
Place of publication, distribution, etc New Delhi
Name of publisher, distributor, etc PHI Learning
Date of publication, distribution, etc 2009
270 ## - ADDRESS
Address M-97, Connaught Circus
City New Delhi
Postal code 110001
300 ## - PHYSICAL DESCRIPTION
Extent xiv,574p
Dimensions 23cm(pbk)
500 ## - GENERAL NOTE
General note includes bibliographical references and index
650 ## - SUBJECT ADDED ENTRY--TOPICAL TERM
Topical term or geographic name as entry element organizational effectiveness
650 ## - SUBJECT ADDED ENTRY--TOPICAL TERM
Topical term or geographic name as entry element Total quality management
650 ## - SUBJECT ADDED ENTRY--TOPICAL TERM
Topical term or geographic name as entry element quality control
942 ## - ADDED ENTRY ELEMENTS (KOHA)
Source of classification or shelving scheme Dewey Decimal Classification
Item type English Books
Classification part 658.4013
Call number suffix SUM
Holdings
Withdrawn status Lost status Not for loan Collection code Home library Current library Date acquired Source of acquisition Cost, normal purchase price Full call number Barcode Copy number Cost, replacement price Koha item type
      Non-fiction Central Library Central Library 07/06/2011 Allied Pub/2961/29.3.11/85/24.3.11/31.3.11 425.00 658.4013 SUM B-431079 1 425.00 English Books
    Not For Loan Non-fiction D.B.Act.Division D.B.Act.Division 03/08/2010 DBAD/PUB 425.00 658.4013 SUM EN-81420 1 425.00 English Books
      Non-fiction Karol Bagh Karol Bagh 07/06/2011 Allied Pub/2961/29.3.11/85/24.3.11/31.3.11 425.00 658.4013 SUM B-431087 1 425.00 English Books
      Non-fiction Mobile Library Mobile Library 07/06/2011 Allied Pub/2961/29.3.11/85/24.3.11/31.3.11 425.00 658.4013 SUM B-431080 5 425.00 English Books
      Non-fiction Mobile Library Mobile Library 07/06/2011 Allied Pub/2961/29.3.11/85/24.3.11/31.3.11 425.00 658.4013 SUM B-431081 5 425.00 English Books
      Non-fiction Mobile Library Mobile Library 07/06/2011 Allied Pub/2961/29.3.11/85/24.3.11/31.3.11 425.00 658.4013 SUM B-431082 5 425.00 English Books
      Non-fiction Mobile Library Mobile Library 07/06/2011 Allied Pub/2961/29.3.11/85/24.3.11/31.3.11 425.00 658.4013 SUM B-431083 5 425.00 English Books
      Non-fiction Mobile Library Mobile Library 07/06/2011 Allied Pub/2961/29.3.11/85/24.3.11/31.3.11 425.00 658.4013 SUM B-431084 5 425.00 English Books
      Non-fiction Patel Nagar Patel Nagar 07/06/2011 Allied Pub/2961/29.3.11/85/24.3.11/31.3.11 425.00 658.4013 SUM B-431085 1 425.00 English Books
      Non-fiction Sarojini Nagar Sarojini Nagar 07/06/2011 Allied Pub/2961/29.3.11/85/24.3.11/31.3.11 425.00 658.4013 SUM B-431086 1 425.00 English Books
      Non-fiction Shahdara Branch Shahdara Branch 07/06/2011 Allied Pub/2961/29.3.11/85/24.3.11/31.3.11 425.00 658.4013 SUM B-431088 1 425.00 English Books
      Non-fiction Yojana Vihar Yojana Vihar 07/06/2011 Allied Pub/2961/29.3.11/85/24.3.11/31.3.11 425.00 658.4013 SUM B-431089 1 425.00 English Books

© Delhi Public Library
Hit Counter
free hit counter